Statistiques concernant Facteurs de 3500

Cliquez ici pour prendre le quiz!

Statistiques générales

  • Ce quiz a été pris 51 fois
  • Le résultat moyen est 21 sur 24

Statistiques - réponses

Réponse% Correct
1
100%
10
100%
2
100%
35
100%
4
100%
5
100%
7
100%
20
98%
350
98%
100
96%
25
96%
14
94%
3500
94%
50
92%
70
92%
175
83%
28
81%
500
79%
700
75%
125
73%
1750
73%
140
71%
250
56%
875
48%

Distribution des résultats

Percentile par nombre de réponses

% des personnes avec chaque résultat

Votre développement - résultats

Vous n’avez pas pris ce quiz